MARC details
| 000 -LEADER |
| fixed length control field |
03253nam a2200577 i 4500 |
| 001 - CONTROL NUMBER |
| control field |
3071083 |
| 005 - DATE AND TIME OF LATEST TRANSACTION |
| control field |
20210507142044.0 |
| 008 - FIXED-LENGTH DATA ELEMENTS--GENERAL INFORMATION |
| fixed length control field |
200720s2020 dcua c b 001 0 eng d |
| 020 ## - INTERNATIONAL STANDARD BOOK NUMBER |
| International Standard Book Number |
9781426338496 : |
| Terms of availability |
$22.90 |
| 020 ## - INTERNATIONAL STANDARD BOOK NUMBER |
| International Standard Book Number |
142633849X : |
| Terms of availability |
$22.90 |
| 020 ## - INTERNATIONAL STANDARD BOOK NUMBER |
| International Standard Book Number |
9781426338489 |
| 020 ## - INTERNATIONAL STANDARD BOOK NUMBER |
| International Standard Book Number |
1426338481 |
| 035 ## - SYSTEM CONTROL NUMBER |
| System control number |
(OCoLC)1127655580 |
| 035 ## - SYSTEM CONTROL NUMBER |
| System control number |
(OCoLC)on1127655580 |
| 035 ## - SYSTEM CONTROL NUMBER |
| System control number |
3051388 |
| 040 ## - CATALOGING SOURCE |
| Original cataloging agency |
PABRO |
| Language of cataloging |
eng |
| Description conventions |
rda |
| Transcribing agency |
PABRO |
| 050 #4 - LIBRARY OF CONGRESS CALL NUMBER |
| Classification number |
SF431.A537 |
| Item number |
F4 2020 |
| 082 04 - DEWEY DECIMAL CLASSIFICATION NUMBER |
| Classification number |
636.7/0887 |
| Edition number |
23 |
| 092 ## - LOCALLY ASSIGNED DEWEY CALL NUMBER (OCLC) |
| Classification number |
junior nonfiction |
| Item number |
636.7 Andrus |
| 999 ## - SYSTEM CONTROL NUMBERS (KOHA) |
| Koha Dewey Subclass [OBSOLETE] |
636.70887 A576F 2020 |
| 100 1# - MAIN ENTRY--PERSONAL NAME |
| Personal name |
Andrus, Aubre, |
| Relator term |
author. |
| 245 10 - TITLE STATEMENT |
| Title |
Fetch! : |
| Remainder of title |
a how to speak dog training guide / |
| Statement of responsibility, etc |
Aubre Andrus & Gary Weitzman, D.V.M., President & CEO of the San Diego Humane Society. |
| 264 #1 - Production, Publication, Distribution, Manufacture, and Copyright Notice. |
| Place of production, publication, distribution, manufacture |
Washington, D.C. : |
| Name of producer, publisher, distributor, manufacturer |
National Geographic, |
| Date of production, publication, distribution, manufacture, or copyr |
[2020] |
| 300 ## - PHYSICAL DESCRIPTION |
| Extent |
176 pages : |
| Other physical details |
illustrations (some color) ; |
| Dimensions |
23 cm. |
| 336 ## - Content Type |
| Content type term |
text |
| 337 ## - Media type |
| Media type term |
unmediated |
| 338 ## - Carrier type |
| Carrier type term |
volume |
| 490 1# - SERIES STATEMENT |
| Series statement |
National Geographic kids |
| 504 ## - BIBLIOGRAPHY, ETC. NOTE |
| Bibliography, etc |
Includes bibliographical references (page 172) and index. |
| 520 ## - SUMMARY, ETC. |
| Summary, etc |
Publisher Annotation: Whether teaching a puppy the basics--such as "sit," "stand," and "stay"-- correcting behavioral problems, or training your pooch to perform more advanced tricks, this comprehensive guide will take you through all the steps to have your canine answering your call in no time. With the help of veterinarian Dr. Gary Weitzman, kids will bond with their pups through structured lessons that showcase easy-to-follow instructions and commands. Additional content introduces readers to Hollywood hounds, dogs on the job, and famous canines through history. This "paws-on" guide is perfect for families who are bringing home their very first puppy, or seasoned dog owners who want to teach their longtime four-legged family member a few new tricks. |
| 521 1# - TARGET AUDIENCE NOTE |
| Target audience note |
8-12 |
| Source |
Brodart. |
| 521 2# - TARGET AUDIENCE NOTE |
| Target audience note |
3-7 |
| Source |
Brodart. |
| 650 #0 - SUBJECT ADDED ENTRY--TOPICAL TERM |
| Topical term or geographic name as entry element |
Dogs |
| Form subdivision |
Juvenile literature. |
| 9 (RLIN) |
5674547 |
| 650 #0 - SUBJECT ADDED ENTRY--TOPICAL TERM |
| Topical term or geographic name as entry element |
Dogs |
| General subdivision |
Training |
| Form subdivision |
Juvenile literature. |
| 9 (RLIN) |
5768162 |
| 650 #0 - SUBJECT ADDED ENTRY--TOPICAL TERM |
| Topical term or geographic name as entry element |
Dogs |
| General subdivision |
Behavior |
| Form subdivision |
Juvenile literature. |
| 9 (RLIN) |
6365233 |
| 650 #1 - SUBJECT ADDED ENTRY--TOPICAL TERM |
| Topical term or geographic name as entry element |
Dogs. |
| 650 #1 - SUBJECT ADDED ENTRY--TOPICAL TERM |
| Topical term or geographic name as entry element |
Dogs |
| General subdivision |
Training. |
| 9 (RLIN) |
82838 |
| 650 #1 - SUBJECT ADDED ENTRY--TOPICAL TERM |
| Topical term or geographic name as entry element |
Dogs |
| General subdivision |
Behavior. |
| 9 (RLIN) |
102189 |
| 650 #7 - SUBJECT ADDED ENTRY--TOPICAL TERM |
| Topical term or geographic name as entry element |
JUVENILE NONFICTION / Animals / Dogs |
| Source of heading or term |
bisacsh |
| 9 (RLIN) |
5733147 |
| 650 #7 - SUBJECT ADDED ENTRY--TOPICAL TERM |
| Topical term or geographic name as entry element |
JUVENILE NONFICTION / Animals / Pets |
| Source of heading or term |
bisacsh |
| 9 (RLIN) |
5975194 |
| 650 #7 - SUBJECT ADDED ENTRY--TOPICAL TERM |
| Topical term or geographic name as entry element |
JUVENILE NONFICTION / Science & Nature / Zoology |
| Source of heading or term |
bisacsh |
| 9 (RLIN) |
5728770 |
| 700 1# - ADDED ENTRY--PERSONAL NAME |
| Personal name |
Weitzman, Gary, |
| Relator term |
author. |
| 9 (RLIN) |
6002472 |
| 830 #0 - SERIES ADDED ENTRY--UNIFORM TITLE |
| Uniform title |
National Geographic kids. |
| 9 (RLIN) |
5674197 |
| 942 ## - ADDED ENTRY ELEMENTS (KOHA) |
| Source of classification or shelving scheme |
Dewey Decimal Classification |
| Koha item type |
BOOK |
| 948 ## - LOCAL PROCESSING INFORMATION (OCLC); SERIES PART DESIGNATOR (RLIN) |
| Series part designator, SPT (RLIN) |
BAR |
| b (OCLC) |
CHILDREN'S |
| p (OCLC) |
X122127111 |
| k (OCLC) |
J |
| h (OCLC) |
636.70887 |
| i (OCLC) |
A576F 2020 |
| f (OCLC) |
1 |
| r (OCLC) |
2 |
| g (OCLC) |
1 |
| 7 (OCLC) |
0 |
| u (OCLC) |
3 |
| w (OCLC) |
11 |
| s (OCLC) |
0 |
| o (OCLC) |
BAR |
| 0 (OCLC) |
$22.90 |
| y (OCLC) |
99 |
| c (OCLC) |
88 |
| j (OCLC) |
Dewey Decimal |
| n (OCLC) |
On-Order |
| e (OCLC) |
1824521-3 |
| 9 (OCLC) |
Item generated Nov 13 2020 2:21PM |